000 00507nam a2200157 i 4500
001 142691
003 ES-MaACL
005 20230906200609.0
007 t|
008 071009s1956 sp ||||1| spa d
100 1 _aViana Irimo, Luís María de.
_9114284
245 1 0 _aLoyola por el rey
_b: IV Centenario de San Ignacio, 1556-1956 /
_cLuis María de Viana Irimo.
260 _aValladolid :
_b[s.n.],
_c1956 (
_fCasa Martín)
300 _a267 p., 8 lám. ;
_c21 cm.
852 _aES-MaACL
_jC-11830
_bR.39968
999 _c142691
_d142691